Nové daně a ceny zemědělských produktů a potravin.
Prehľad zákonov upravujúcich po novom dane. Vplyv nových daní na poľnohospodárstvo a na potravinársku výrobu. Trh potravín prestáva byť trhom výrobcu a stáva sa trhom spotrebiteľa. Situácia na trhu bude mať výraznejší vplyv na situáciu podnikov, než nové dane.
Gespeichert in:
| 1. Verfasser: | |
|---|---|
| Format: | Buchkapitel |
| Sprache: | Tschechisch |
| Schlagworte: | |
| Tags: |
Keine Tags, Fügen Sie das erste Tag hinzu!
|
MARC
| LEADER | 00000naa a2200000 4500 | ||
|---|---|---|---|
| 001 | r012025 | ||
| 005 | 20220826093126.4 | ||
| 041 | 0 | |a cze | |
| 044 | |a SK | ||
| 245 | 1 | 0 | |a Nové daně a ceny zemědělských produktů a potravin. |c J. Záhorka |
| 520 | |a Prehľad zákonov upravujúcich po novom dane. Vplyv nových daní na poľnohospodárstvo a na potravinársku výrobu. Trh potravín prestáva byť trhom výrobcu a stáva sa trhom spotrebiteľa. Situácia na trhu bude mať výraznejší vplyv na situáciu podnikov, než nové dane. | ||
| 610 | 2 | 0 | |a dane |
| 610 | 2 | 0 | |a sústava daňová |
| 610 | 2 | 0 | |a ceny výrobkov poľnohospodárskych |
| 610 | 2 | 0 | |a zákony |
| 610 | 2 | 0 | |a potraviny |
| 610 | 2 | 0 | |a trh |
| 610 | 2 | 0 | |a spotrebitelia |
| 610 | 2 | 0 | |a Čechy |
| 100 | 1 | |a Záhorka, J. | |